Plant design and economics for chemical engineers (Record no. 26086)

000 -LEADER
fixed length control field 00574nam a22002057a 4500
001 - CONTROL NUMBER
control field 26086
003 - CONTROL NUMBER IDENTIFIER
control field BD-DhUET
008 - FIXED-LENGTH DATA ELEMENTS--GENERAL INFORMATION
fixed length control field 150518b xxu||||| |||| 00| 0 eng d
040 ## - CATALOGING SOURCE
Original cataloging agency DLC
Transcribing agency DLC
Modifying agency BD-DhUET
082 ## - DEWEY DECIMAL CLASSIFICATION NUMBER
Classification number 660.28
Item number PET/1968
100 ## - MAIN ENTRY--PERSONAL NAME
Personal name Peters, Max S.
245 ## - TITLE STATEMENT
Title Plant design and economics for chemical engineers
250 ## - EDITION STATEMENT
Edition statement 2nd ed.
260 ## - PUBLICATION, DISTRIBUTION, ETC. (IMPRINT)
Place of publication, distribution, etc. Tokyo
Name of publisher, distributor, etc. McGraw-Hill Kogakusha
Date of publication, distribution, etc. 1968
300 ## - PHYSICAL DESCRIPTION
Extent 850p.
Other physical details ill.
490 ## - SERIES STATEMENT
Series statement McGraw-Hill chemical engineering series
650 #0 - SUBJECT ADDED ENTRY--TOPICAL TERM
Topical term or geographic name as entry element Design : Chemical engineering
700 ## - ADDED ENTRY--PERSONAL NAME
Personal name Timmerhaus, Klaus D.
942 ## - ADDED ENTRY ELEMENTS (KOHA)
Koha item type General Book
Holdings
Damaged status Shelving location Piece designation (barcode) Lost status Koha date last seen Source of classification or shelving scheme Koha item type Not for loan Koha normalized classification for sorting Koha full call number Sublocation or collection (holding branch) Copy number Location (home branch) Price effective from Withdrawn status Date acquired
 Circulation section17893 2015-05-18 General Book 660_280000000000000_PET_1968660.28/PET/1968Central Library, BUET1Central Library, BUET2015-05-18 2015-05-18
 Circulation section54701 2015-05-18 General Book 660_280000000000000_PET_1968660.28/PET/1968Central Library, BUET2Central Library, BUET2015-05-18 2015-05-18
 Circulation section32144 2015-05-23 General Book 660_280000000000000_PET_1968660.28/PET/1968Central Library, BUET3Central Library, BUET2015-05-23 2015-05-23
 Reading section32147 2015-06-18 Reading Item 660_280000000000000_PET_1968660.28/PET/1968Central Library, BUET4Central Library, BUET2015-06-18 2015-06-18
 Reading section15597 2015-06-20 Reading Item 660_280000000000000_PET_1968660.28/PET/1968Central Library, BUET5Central Library, BUET2015-06-20 2015-06-20
 Reading section17895 2015-06-20 Reading Item 660_280000000000000_PET_1968660.28/PET/1968Central Library, BUET6Central Library, BUET2015-06-20 2015-06-20
 Reading section32145 2015-06-20 Reading Item 660_280000000000000_PET_1968660.28/PET/1968Central Library, BUET7Central Library, BUET2015-06-20 2015-06-20
 Reading section24428 2015-06-28 Reading Item 660_280000000000000_PET_1968660.28/PET/1968Central Library, BUET8Central Library, BUET2015-06-28 2015-06-28
 Reading section32146 2015-06-28 Reading Item 660_280000000000000_PET_1968660.28/PET/1968Central Library, BUET9Central Library, BUET2015-06-28 2015-06-28
 Reading section24430 2015-06-28 Reading Item 660_280000000000000_PET_1968660.28/PET/1968Central Library, BUET10Central Library, BUET2015-06-28 2015-06-28
 Reading section16642 2015-06-29 Reading Item 660_280000000000000_PET_1968660.28/PET/1968Central Library, BUET11Central Library, BUET2015-06-29 2015-06-29